Vista normal
Vista MARC
Entrada Personal Name
Número de registros utilizados en: 1
001 - CONTROL NUMBER
- control field: 12610
003 - CONTROL NUMBER IDENTIFIER
- control field: DLC
005 - DATE AND TIME OF LATEST TRANSACTION
- control field: 20220519123921.0
008 - FIXED-LENGTH DATA ELEMENTS
- fixed length control field: 040304n| acannaabn |a aaa c
010 ## - LIBRARY OF CONGRESS CONTROL NUMBER
- LC control number: no2004021016
035 ## - SYSTEM CONTROL NUMBER
- System control number: (OCoLC)oca06288094
040 ## - CATALOGING SOURCE
- Original cataloging agency: DGU-L
- Language of cataloging: spa
- Transcribing agency: Mx-PuUPA
- Modifying agency: Mx-PuUPA
- Description conventions: rda
100 1# - HEADING--PERSONAL NAME
- Personal name: Preciado Briseño, Eduardo,
372 ## - FIELD OF ACTIVITY
- Field of activity: Derecho Económico Corporativo
- Field of activity: Derecho Laboral
- Field of activity: Derecho Civil
- Field of activity: Derecho Financiero y Comercial Internacional
- Field of activity: Derecho Mercantil
373 ## - ASSOCIATED GROUP
- Associated group: Universidad Panamericana
- Associated group: Facultad de Derecho de la Universidad Nacional Autónoma de México
374 ## - OCCUPATION
- Occupation: Autor
- Occupation: Licenciado en Derecho
- Occupation: Doctorado en Derecho
375 ## - GENDER
- Gender: hombre
377 ## - ASSOCIATED LANGUAGE
- Language code: spa
400 1# - SEE FROM TRACING--PERSONAL NAME
- Personal name: Briseño, Eduardo Preciado
670 ## - SOURCE DATA FOUND
- Source citation: Lecciones de derecho bancario, 2003:
- Information found: t.p. (Eduardo Preciado Briseño, Licenciado en derecho por La UNAM. Doctor en derecho por La Universidad Panamericana)